000 00250nam a2200097Ia 4500
008 220204s9999 xx 000 0 und d
082 _aNR:63:631.11
_bREP
245 0 _aReplanting on smallholdings
260 _aKottayam
_bRubber Board
_c1958
942 _cBK
999 _c21491
_d21491